00465nam a2200145Ia 4500008004100000100002100041245007600062245004200138260005900180260000900239300001200248650001800260650001500278856002600293170221s9999 xx 000 0 und d aDr. Brad Schultz aName Brand: The Rise of the Independent Reporter Through Social Media  cDr. Brad Schultz Dr. Mary Lou Sheffer bOnline Journal of Communication and Media Technologies c2013 a33 : 14 xCommunication xMedia Arts uhttp://www.ojcmt.net/